Kim Possible Characters - Statistics

General Stats
  • This quiz has been taken 415 times
  • The average score is 5 of 30
Answer Stats
Hint Answer % Correct
Title Character Kim Possible
98%
Her sidekick Ron Stoppable
64%
His sidekick Shego
62%
His pet Rufus
55%
Tech support boy Wade
43%
Heroine's BFF Monique
26%
Ape-like villain Monkey Fist
23%
Genetics-obsessed villain DNAmy
19%
Motorcycle enthusiast villain Motor Ed
18%
Assistant Manager of Bueno Nacho Ned
12%
Skilled female fighter from the Yamanouchi school Yori
8%
Football coach, substitute teacher, chaperone Mr. Barkin
7%
Scottish villain Duff Killigan
6%
Her brothers' nickname The Tweebs
6%
Stuntwoman turned villain Adrena Lynn
5%
Heroine's earliest crush, scares her sidekick Josh Mankey
5%
Small villain who bonded people (literally) Professor Dementor
4%
Cheap villain, employee of Smartie Mart Frugal Lucre
3%
Recruited by Global Justice to help heroine in one episode, #1 agent Will Du
2%
Ron's friend, in a wheelchair, makes Kim jealous Felix Renton
1%
Heroine's school enemy Bonnie Rockwaller
0%
School enemy's on and off boyfriend Brick Flagg
0%
Evil doctor Dr. Drakken
0%
In 'So the Drama', Kim's fake boyfriend Eric the Synthodrone
0%
Ron's Japanese mentor Master Sensai
0%
Pro (fake) wrestlers Pain King and Steel Toe
0%
Closely related villains Senor Senior Senior and Senor Senior Junior
0%
Family of superheroes, who protect Go City Team Go
0%
Scary robot henchwomen The Bebes
0%
Favourite boy band The Oh Boyz
0%
No matching quizzes found
Score Distribution
Percent of People with Each Score
Percentile by Number Answered
Your Score History
You have not taken this quiz